书目信息 |
| 题名: |
中国现代医学
|
|
| 作者: | ;《中国现代医学》编辑委员会 主编 | |
| 分册: | 1986 | |
| 出版信息: | 北京 人民卫生出版社 1987.8 |
|
| 页数: | 516页 | |
| 开本: | 26cm | |
| 丛书名: | ||
| 单 册: | ||
| 中图分类: | R-12 | |
| 科图分类: | ||
| 主题词: | 医药学 | |
| 电子资源: | ||
| ISBN: | ||
| 000 | 00689nam0 2200193 45 | |
| 001 | 0181012921 | |
| 005 | 20060420095250.35 | |
| 010 | @dCNY7.70 | |
| 100 | @a20810111d km y0chiy0120 ea | |
| 101 | 0 | @achi |
| 200 | 1 | @a中国现代医学@Azhong guo xian dai yi xue@e中英对照@h1986@f《中国现代医学》编辑委员会主编@F《zhong guo xian dai yi xue》bian ji wei yuan hui zhu bian |
| 210 | @a北京@c人民卫生出版社@d1987.8 | |
| 215 | @a516页@c图表@d26cm | |
| 517 | 1 | @a中英对照@Azhong ying dui zhao |
| 606 | 0 | @a医药学 |
| 690 | @aR-12 | |
| 711 | 0 | @a《中国现代医学》编辑委员会@A《zhong guo xian dai yi xue》bian ji wei yuan hui@4主编 |
| 801 | @aCN@bTSTC@c20060420 | |
| 905 | @dR-12@e4:(1986)@f2@b205229-30 | |
| 中国现代医学:中英对照.1986/《中国现代医学》编辑委员会主编.-北京:人民卫生出版社,1987.8 |
| 516页:图表;26cm |
| ISBN :CNY7.70 |
| ● |
| 相关链接 |
|
|
|
|
正题名:中国现代医学
索取号:R-12/4:(1986)
 
预约/预借
| 序号 | 登录号 | 条形码 | 馆藏地/架位号 | 状态 | 备注 |
| 1 | 0205229 | 202269357 | 密集书库/ [索取号:R-12/4:(1986)] | 在馆 | |
| 2 | 0205230 | 000703251 | 第二样本阅览室/ [索取号:R-12/4:(1986)] | 在馆 |